|
|
|
|
| LEADER |
00000nam0a2200000 4500 |
| 001 |
347654 |
| 005 |
20231102010025.0 |
| 035 |
|
|
|a (RuTPU)RU\TPU\book\379609
|
| 035 |
|
|
|a RU\TPU\book\176332
|
| 090 |
|
|
|a 347654
|
| 100 |
|
|
|a 20220602d2008 km y0rusy50 ca
|
| 101 |
0 |
|
|a rus
|
| 102 |
|
|
|a RU
|
| 105 |
|
|
|a a z 000zy
|
| 200 |
1 |
|
|a Томские рекорды: о самом-самом в политике, науке, архитектуре, спорте и природе на страницах "Томских новостей"
|f под ред. Н. Белоус [и др.]
|
| 210 |
|
|
|a Томск
|c Томские новости
|d 2008
|
| 215 |
|
|
|a 224 с.
|c ил.
|
| 225 |
1 |
|
|a "Томские новости" представляют
|v Вып. 4
|
| 330 |
|
|
|a Книга содержит разнообразный исторический материал о Томске и Томской области, информацию о выдающихся достижениях томичей в политике, экономике, науке, архитектуре и спорте. Приводятся данные о природных особенностях, флоре и фауне Томской области.
|
| 606 |
1 |
|
|a Томская область
|x Экономика
|2 stltpush
|3 (RuTPU)RU\TPU\subj\68276
|9 83704
|
| 606 |
1 |
|
|a Томская область
|x История
|2 stltpush
|3 (RuTPU)RU\TPU\subj\67227
|9 83110
|
| 610 |
1 |
|
|a Сибирь
|
| 610 |
1 |
|
|a Томск
|
| 610 |
1 |
|
|a политика
|
| 610 |
1 |
|
|a наука
|
| 610 |
1 |
|
|a архитектура
|
| 610 |
1 |
|
|a природа
|
| 610 |
1 |
|
|a спорт
|
| 610 |
1 |
|
|a рекорды
|
| 610 |
1 |
|
|a искусство
|
| 610 |
1 |
|
|a экология
|
| 610 |
1 |
|
|a краеведение
|
| 686 |
|
|
|a Т3(253.3-4Том)
|v LBC/SL-A
|2 rubbk
|
| 686 |
|
|
|a У9(2Р53)
|v LBC/SL-A
|2 rubbk
|
| 702 |
|
1 |
|a Белоус
|b Н.
|g Надежда
|4 340
|
| 702 |
|
1 |
|a Морозова
|b И.
|g Ирина
|4 340
|
| 702 |
|
1 |
|a Трофимов
|b А.
|g Алексей
|4 340
|
| 801 |
|
1 |
|a RU
|b 63413507
|c 20090624
|g PSBO
|
| 801 |
|
2 |
|a RU
|b 63413507
|c 20220727
|g PSBO
|
| 942 |
|
|
|c BK
|